00595nam a2200157Ia 4500008004100000100003200041245011300073245003200186260005900218260000900277650001800286650001500304856002600319999001900345952007300364170221s9999 xx 000 0 und d aRubén Ramírez Sánchez 4aThe Complex Political Economy of Natural Capitalism: The Case of Whole Foods, Stonyfield Farms, and Walmart  cRubén Ramírez Sánchez bOnline Journal of Communication and Media Technologies c2016 xCommunication xMedia Arts uhttp://www.ojcmt.net/ c309176d309176 001040aCLbCLd2017-02-21l0r2017-02-21 00:00:00w2017-02-21yFOJ